[Event "European Blitz Championship"]
[Site "Katowice POL"]
[Date "2017.12.15"]
[EventDate "2017.12.15"]
[Round "15.4"]
[Result "0-1"]
[White "Ruslan Ponomariov"]
[Black "Jan-Krzysztof Duda"]
[WhiteElo "2694"]
[BlackElo "2717"]
[PlyCount "88"]

1. e4 e6 2. d4 d5 3. Nc3 dxe4 4. Nxe4 Bd7 5. Nf3 Bc6 6. Bd3
Nd7 7. O-O Ngf6 8. Ng3 g6 9. b3 Bg7 10. Ba3 Bf8 11. Bb2 Bg7
12. Qe2 Bxf3 13. Qxf3 c6 14. Rfe1 O-O 15. a3 a5 16. Rad1 Qc7
17. c4 Rad8 18. Bc2 b6 19. Nf1 Ne8 20. Bc1 c5 21. Bf4 Qc8
22. d5 e5 23. Bg5 f6 24. Bc1 Nd6 25. h4 f5 26. h5 Rde8 27. Qh3
Qd8 28. f3 Rf7 29. g4 fxg4 30. fxg4 e4 31. Nh2 a4 32. Kh1 axb3
33. Bxb3 Ne5 34. Rf1 Ref8 35. g5 Nd3 36. hxg6 hxg6 37. Qe6 Qd7
38. Qxd7 Rxd7 39. Ng4 Nf5 40. Kg2 Bd4 41. Rh1 Nxc1 42. Rxc1
Ne3+ 43. Nxe3 Bxe3 44. Rhf1 Bxc1 0-1

[Event "European Blitz Championship"]
[Site "Katowice POL"]
[Date "2017.12.15"]
[EventDate "2017.12.15"]
[Round "16.4"]
[Result "1-0"]
[White "Jan-Krzysztof Duda"]
[Black "Ruslan Ponomariov"]
[WhiteElo "2717"]
[BlackElo "2694"]
[PlyCount "21"]

1. d4 Nf6 2. Nf3 d5 3. Bf4 c5 4. e3 Qb6 5. dxc5 Qxb2 6. Nbd2
Qc3 7. Bb5+ Nc6 8. O-O Qxc5 9. c4 dxc4 10. a4 Nd5 11. Ne4 1-0

[Event "European Blitz Championship"]
[Site "Katowice POL"]
[Date "2017.12.15"]
[EventDate "2017.12.15"]
[Round "17.1"]
[Result "1-0"]
[White "Jan-Krzysztof Duda"]
[Black "Igor Viktorovich Kovalenko"]
[WhiteElo "2717"]
[BlackElo "2639"]
[PlyCount "156"]

1. d4 Nf6 2. c4 e6 3. Nf3 b6 4. g3 Ba6 5. Nbd2 Bb7 6. Bg2 c5
7. O-O cxd4 8. Nxd4 Bxg2 9. Kxg2 Bc5 10. N4f3 O-O 11. b3 d5
12. Bb2 Nc6 13. a3 a5 14. cxd5 exd5 15. Ne1 d4 16. Nd3 Qd5+
17. Kg1 Rfe8 18. Rc1 Ne5 19. Nc4 Nxc4 20. Rxc4 Qh5 21. Nf4 Qf5
22. b4 axb4 23. axb4 Bd6 24. Bxd4 Bxf4 25. Bxf6 Qxf6 26. Rxf4
Qe6 27. e3 Ra2 28. h4 Rc8 29. h5 h6 30. Qd3 Rac2 31. Rd1 R2c3
32. Qf5 Rc1 33. Rxc1 Rxc1+ 34. Kg2 Qc6+ 35. e4 Qc4 36. Qd5
Qf1+ 37. Kf3 Qh1+ 38. Kg4 Kh8 39. Qxf7 Qd1+ 40. f3 Rc8 41. Rf5
Qc1 42. Qe7 Kh7 43. b5 Rg8 44. Qe6 Qg1 45. Qg6+ Kh8 46. Rf7
Qc5 47. Qf5 Qc4 48. Rf8 Rxf8 49. Qxf8+ Kh7 50. Qe8 Qd4
51. Qg6+ Kh8 52. Qe8+ Kh7 53. Qc6 Qe3 54. Qd5 Kh8 55. e5 Qg5+
56. Kh3 Qxh5+ 57. Kg2 Qf5 58. g4 Qc2+ 59. Kg3 Qc7 60. Kf4 Kh7
61. Qe4+ Kg8 62. Qc6 Qf7+ 63. Ke4 Qe7 64. Qxb6 Qb4+ 65. Kf5
Qb1+ 66. Kf4 g5+ 67. Kg3 Qe1+ 68. Kg2 Qe2+ 69. Qf2 Qxe5 70. b6
Qb5 71. Qd4 Kf7 72. Kf2 Ke6 73. Ke3 Qb3+ 74. Ke2 Qb5+ 75. Kd2
Qc6 76. Qe4+ Kd6 77. b7 Qb6 78. Qg6+ Kd5 1-0

[Event "European Blitz Championship"]
[Site "Katowice POL"]
[Date "2017.12.15"]
[EventDate "2017.12.15"]
[Round "18.1"]
[Result "1-0"]
[White "Igor Viktorovich Kovalenko"]
[Black "Jan-Krzysztof Duda"]
[WhiteElo "2639"]
[BlackElo "2717"]
[PlyCount "127"]

1. e4 e6 2. Qe2 c5 3. g3 Nc6 4. Nf3 g6 5. Bg2 Bg7 6. O-O Nge7
7. Rd1 Nd4 8. Nxd4 cxd4 9. c3 Nc6 10. Na3 O-O 11. Nc2 d5
12. exd5 exd5 13. Qf3 Ne5 14. Qxd5 Qxd5 15. Bxd5 Bg4 16. Rf1
Be2 17. Nxd4 Bxf1 18. Kxf1 Nd3 19. Nf3 Rfd8 20. Bc4 Rac8
21. b3 Nxc1 22. Rxc1 Rc7 23. a4 Bh6 24. Rd1 Kf8 25. d4 a6
26. a5 Rd6 27. Ne5 Bg5 28. h4 Bd8 29. Ra1 Re7 30. Nd3 Rf6
31. Nf4 Rc6 32. Nd3 Kg7 33. Ra2 h5 34. Nc5 Rf6 35. Kg2 Rd6
36. b4 Rc7 37. Be2 Kf8 38. Bf3 b6 39. axb6 Rxb6 40. Be2 Ra7
41. Rxa6 Rbxa6 42. Nxa6 Bf6 43. Kf3 Ke7 44. b5 Kd8 45. Ke4
Re7+ 46. Kd3 Rb7 47. c4 Rd7 48. d5 Be7 49. Bf3 Ra7 50. Kd4
Bf6+ 51. Kc5 Kd7 52. Kb6 Bd4+ 53. c5 Ra8 54. d6 Rd8 55. Bc6+
Ke6 56. Kc7 Rf8 57. f3 Be5 58. f4 Bd4 59. b6 Bf2 60. b7 Be1
61. Bd7+ Kd5 62. Bc8 Ba5+ 63. Kd7 Bd8 64. b8=Q 1-0

[Event "European Blitz Championship"]
[Site "Katowice POL"]
[Date "2017.12.15"]
[EventDate "2017.12.15"]
[Round "19.3"]
[Result "1/2-1/2"]
[White "Sergei Zhigalko"]
[Black "Jan-Krzysztof Duda"]
[WhiteElo "2641"]
[BlackElo "2717"]
[PlyCount "75"]

1. e4 e6 2. d4 d5 3. e5 c5 4. c3 Nc6 5. Nf3 Qb6 6. a3 c4
7. Nbd2 Bd7 8. b3 cxb3 9. Nxb3 Na5 10. Nxa5 Qxa5 11. Bd2 Qc7
12. Bd3 Ne7 13. O-O Nf5 14. c4 dxc4 15. Bxf5 exf5 16. d5 Bc5
17. Bc3 O-O 18. Re1 b5 19. Nd4 Rae8 20. Qf3 Bxd4 21. Bxd4 Bc8
22. Rad1 Rd8 23. e6 fxe6 24. dxe6 Rde8 25. e7 Rxe7 26. Qd5+
Ref7 27. Qxb5 Bb7 28. Rc1 Qc6 29. Qxc6 Bxc6 30. Rxc4 Bb5
31. Rc5 a6 32. h3 h6 33. Rce5 Kh7 34. Re7 f4 35. f3 Bc4
36. Bc3 Rxe7 37. Rxe7 Rf7 38. Rxf7 1/2-1/2

[Event "European Blitz Championship"]
[Site "Katowice POL"]
[Date "2017.12.15"]
[EventDate "2017.12.15"]
[Round "20.3"]
[Result "0-1"]
[White "Jan-Krzysztof Duda"]
[Black "Sergei Zhigalko"]
[WhiteElo "2717"]
[BlackElo "2641"]
[PlyCount "76"]

1. d4 Nf6 2. Nf3 e6 3. c4 b6 4. Nc3 Bb4 5. e3 Bb7 6. Bd3 O-O
7. O-O d5 8. cxd5 exd5 9. Bd2 Bd6 10. Rc1 a6 11. Ne5 c5 12. f4
Nc6 13. Ne2 Ne7 14. Be1 Ne4 15. Ng3 cxd4 16. exd4 b5 17. Kh1
f6 18. Ng4 Qd7 19. Ne3 Rad8 20. Be2 f5 21. Bd3 Ng6 22. Ne2
Rde8 23. Qb3 Bb8 24. Bb4 Rf7 25. Nc2 Nf8 26. Ne1 Ne6 27. g3 g5
28. Nf3 gxf4 29. gxf4 Nxf4 30. Nxf4 Bxf4 31. Rg1+ Kh8 32. Rcf1
Be3 33. Rg2 Rg7 34. Qc2 Reg8 35. Re2 f4 36. Bxe4 dxe4 37. Rxe3
exf3 38. Rd3 f2+ 0-1

[Event "European Blitz Championship"]
[Site "Katowice POL"]
[Date "2017.12.15"]
[EventDate "2017.12.15"]
[Round "21.5"]
[Result "1-0"]
[White "Jan-Krzysztof Duda"]
[Black "Radoslaw Wojtaszek"]
[WhiteElo "2717"]
[BlackElo "2736"]
[PlyCount "83"]

1. g3 d5 2. Bg2 c6 3. d3 Nf6 4. Nd2 e5 5. Ngf3 Bd6 6. e4 dxe4
7. dxe4 O-O 8. O-O Qe7 9. b3 Bg4 10. Nc4 Bxf3 11. Qxd6 Qxd6
12. Nxd6 Bxg2 13. Kxg2 b6 14. Rd1 Nbd7 15. f3 Rfd8 16. a4 Nf8
17. Bb2 Ng6 18. a5 b5 19. Nb7 Rdc8 20. a6 c5 21. Ra5 c4 22. b4
c3 23. Bc1 Rc6 24. Be3 Ne8 25. Bc5 Nf8 26. Rd3 Ne6 27. Rxc3
N8c7 28. Rca3 f6 29. Kf2 g5 30. Ke2 h5 31. c3 h4 32. Be3 Kf7
33. Nc5 h3 34. Kd3 Rd8+ 35. Kc2 Ra8 36. Ra1 Nxc5 37. Bxc5 Ke6
38. Kb3 Rd8 39. Bxa7 Rd3 40. Bc5 Rxf3 41. a7 Na8 42. Rxb5 1-0

[Event "European Blitz Championship"]
[Site "Katowice POL"]
[Date "2017.12.15"]
[EventDate "2017.12.15"]
[Round "22.5"]
[Result "1/2-1/2"]
[White "Radoslaw Wojtaszek"]
[Black "Jan-Krzysztof Duda"]
[WhiteElo "2736"]
[BlackElo "2717"]
[PlyCount "70"]

1. Nf3 Nf6 2. c4 g6 3. Nc3 Bg7 4. e4 d6 5. d4 O-O 6. Be2 e5
7. O-O Nc6 8. dxe5 Nxe5 9. Nxe5 dxe5 10. Qxd8 Rxd8 11. Be3 c6
12. Rfd1 Re8 13. f3 Bf8 14. Na4 b6 15. b3 Be6 16. Nb2 Nd7
17. Nd3 f6 18. Rac1 Nc5 19. Nxc5 Bxc5 20. Bxc5 bxc5 21. Rd6
Rac8 22. Rcd1 Kf7 23. Kf2 Ke7 24. R6d2 a5 25. a4 Rb8 26. Rd3
Rb7 27. Rc3 Reb8 28. Rdd3 g5 29. Bd1 h5 30. Bc2 h4 31. h3 Rd8
32. Rxd8 Kxd8 33. Rd3+ Ke7 34. Rd2 Rd7 35. Rxd7+ Bxd7 1/2-1/2

[Event "European Rapid Championship"]
[Site "Katowice POL"]
[Date "2017.12.16"]
[EventDate "2017.12.16"]
[Round "1.10"]
[Result "0-1"]
[White "Dana Vambute"]
[Black "Jan-Krzysztof Duda"]
[WhiteElo "1879"]
[BlackElo "2717"]
[PlyCount "64"]

1. d4 Nf6 2. Bf4 d6 3. e3 g6 4. Nf3 Bg7 5. Be2 b6 6. h3 Bb7
7. O-O c5 8. c3 O-O 9. Nbd2 Nbd7 10. a4 a6 11. Qb3 Qc7 12. Bh2
Bc6 13. Rfd1 Qb7 14. c4 cxd4 15. exd4 d5 16. Bf1 e6 17. Ne5
Nxe5 18. Bxe5 Nd7 19. Bxg7 Kxg7 20. Rac1 Rfc8 21. f3 h5
22. Qb4 a5 23. Qa3 Nf6 24. c5 Rcb8 25. b3 Qe7 26. Re1 Nd7
27. Rc3 Qf6 28. Qc1 Qxd4+ 29. Kh1 bxc5 30. Rd1 Qf6 31. Nb1 c4
32. bxc4 Rxb1 0-1

[Event "European Rapid Championship"]
[Site "Katowice POL"]
[Date "2017.12.16"]
[EventDate "2017.12.16"]
[Round "2.10"]
[Result "1-0"]
[White "Jan-Krzysztof Duda"]
[Black "Dimitrios Pappelis"]
[WhiteElo "2717"]
[BlackElo "2114"]
[PlyCount "95"]

1. e4 c5 2. Nf3 Nc6 3. Bb5 Nf6 4. d3 Qa5+ 5. Nc3 Nd4 6. Bc4 b5
7. Bb3 Nxb3 8. cxb3 d6 9. O-O e6 10. Re1 Be7 11. d4 b4 12. e5
bxc3 13. exf6 Bxf6 14. bxc3 cxd4 15. b4 Qh5 16. Nxd4 Qxd1
17. Rxd1 Bd7 18. Be3 Ke7 19. c4 Rhc8 20. Rac1 e5 21. Nb3 Be6
22. Na5 e4 23. Bf4 Be5 24. Bxe5 dxe5 25. a3 f5 26. c5 Rab8
27. Rd6 Kf6 28. Nc6 Rb7 29. Nd8 Re7 30. c6 f4 31. b5 Kf5
32. g4+ fxg3 33. fxg3 Bb3 34. Kf2 Re8 35. Nb7 Kg4 36. Rd7 Rf8+
37. Ke3 g5 38. Nc5 Bg8 39. a4 Rf3+ 40. Kxe4 Rf2 41. Kxe5 Rxh2
42. Rc3 Re2+ 43. Kd6 Rd2+ 44. Rd3 Rxd3+ 45. Nxd3 Kxg3 46. Rxa7
h5 47. b6 Rd8+ 48. Rd7 1-0

[Event "European Rapid Championship"]
[Site "Katowice POL"]
[Date "2017.12.16"]
[EventDate "2017.12.16"]
[Round "3.10"]
[Result "0-1"]
[White "Nikolas Wachinger"]
[Black "Jan-Krzysztof Duda"]
[WhiteElo "2243"]
[BlackElo "2717"]
[PlyCount "106"]

1. e4 d6 2. d4 g6 3. Nc3 Bg7 4. f4 Nf6 5. Nf3 c5 6. Bb5+ Nc6
7. e5 Ng4 8. dxc5 O-O 9. h3 Nh6 10. O-O Bd7 11. cxd6 exd6
12. Qxd6 Qb6+ 13. Kh2 Rad8 14. Qa3 Nxe5 15. Bxd7 Nxd7 16. Nd5
Qb5 17. Rd1 Kh8 18. Qd3 Qc6 19. Be3 Nf5 20. Bf2 Nf6 21. c4
Nxd5 22. cxd5 Qd6 23. g3 h5 24. h4 Rd7 25. Rac1 Rfd8 26. Ng5
Kg8 27. Rc2 Qxd5 28. Qxd5 Rxd5 29. Rxd5 Rxd5 30. Rc8+ Bf8
31. Kh3 Nd6 32. Rd8 b6 33. Be1 Rd1 34. Bb4 a5 35. Bxd6 Rxd6
36. Rxd6 Bxd6 37. Ne4 Be7 38. Kg2 f6 39. Nc3 Kf7 40. Kf3 Ke6
41. Ke4 Bc5 42. Ne2 f5+ 43. Kf3 Kd5 44. b3 Bb4 45. Ke3 Be1
46. a4 Kc5 47. Kd3 Kb4 48. Kc2 Ka3 49. Nc3 Bxg3 50. Nd5 Bxh4
51. Nxb6 Bg3 52. Nc4+ Kb4 53. Ne5 h4 0-1

[Event "European Rapid Championship"]
[Site "Katowice POL"]
[Date "2017.12.16"]
[EventDate "2017.12.16"]
[Round "4.10"]
[Result "1-0"]
[White "Jan-Krzysztof Duda"]
[Black "Paulius Pultinevicius"]
[WhiteElo "2717"]
[BlackElo "2371"]
[PlyCount "75"]

1. d4 Nf6 2. c4 g6 3. f3 d5 4. cxd5 Nxd5 5. e4 Nb6 6. Nc3 Bg7
7. Be3 O-O 8. Qd2 Nc6 9. O-O-O Qd6 10. Nb5 Qd7 11. f4 a6
12. Nc3 Rd8 13. Nf3 Qe8 14. Qf2 Na5 15. Kb1 Bg4 16. Be2 Rac8
17. h3 Bxf3 18. Bxf3 Na4 19. Qc2 Nc4 20. Bc1 Nxc3+ 21. Qxc3
Nd6 22. e5 Nb5 23. Qc4 c6 24. h4 Qd7 25. Be3 Nc7 26. g3 Nd5
27. Bf2 h5 28. Ka1 e6 29. g4 hxg4 30. Bxg4 Nxf4 31. Qc1 Nd5
32. h5 c5 33. hxg6 cxd4 34. gxf7+ Qxf7 35. Qg5 Re8 36. Rdg1
Re7 37. Qh4 Rc2 38. Bxe6 1-0

[Event "European Rapid Championship"]
[Site "Katowice POL"]
[Date "2017.12.16"]
[EventDate "2017.12.16"]
[Round "5.9"]
[Result "0-1"]
[White "Tomas Laurusas"]
[Black "Jan-Krzysztof Duda"]
[WhiteElo "2423"]
[BlackElo "2717"]
[PlyCount "102"]

1. d4 Nf6 2. c4 g6 3. Nc3 d5 4. Nf3 Bg7 5. Bg5 Ne4 6. cxd5
Nxg5 7. Nxg5 e6 8. Nf3 exd5 9. e3 O-O 10. Be2 a5 11. O-O Re8
12. Qb3 c6 13. Rac1 Nd7 14. Na4 Bf8 15. Rfe1 Bb4 16. Red1 Bd6
17. Ne1 h5 18. Nd3 Rb8 19. Re1 Kg7 20. Bf3 Nf6 21. Nc3 Bg4
22. Qd1 Re7 23. Nc5 Qe8 24. h3 Bf5 25. a3 Qd8 26. b4 axb4
27. axb4 b6 28. Nd3 Bxd3 29. Qxd3 Bxb4 30. Re2 Re6 31. Rb1 Bd6
32. e4 dxe4 33. Nxe4 Nd5 34. Qb3 Bb4 35. Rc2 Ra8 36. Qd3 Ra3
37. Qf1 Bf8 38. Rbc1 Nb4 39. Rd2 h4 40. Nc3 Qg5 41. Re2 Rxe2
42. Bxe2 Qf4 43. Qd1 Bd6 44. Bf3 Nd3 45. Rc2 Qh2+ 46. Kf1 Nf4
47. Ke1 Bb4 48. Kd2 Nxg2 49. Bxc6 Qxh3 50. f3 Qg3 51. Qe2 h3
0-1

[Event "European Rapid Championship"]
[Site "Katowice POL"]
[Date "2017.12.16"]
[EventDate "2017.12.16"]
[Round "6.6"]
[Result "1-0"]
[White "Jan-Krzysztof Duda"]
[Black "Alessio Valsecchi"]
[WhiteElo "2678"]
[BlackElo "2450"]
[PlyCount "117"]

1. d4 Nf6 2. c4 e6 3. Nf3 d5 4. Nc3 Bb4 5. Qa4+ Nc6 6. e3 O-O
7. a3 Bxc3+ 8. bxc3 Bd7 9. Qc2 Qe7 10. a4 Rfc8 11. cxd5 exd5
12. Bd3 Bg4 13. Ba3 Qe8 14. O-O Bxf3 15. gxf3 Nd8 16. Rab1 g6
17. c4 c6 18. Kh1 Qd7 19. Rg1 Ne6 20. Qb3 c5 21. cxd5 Qxd5
22. Qxd5 Nxd5 23. dxc5 Nc3 24. Rxb7 Nxa4 25. c6 Rxc6 26. Be4
Ra6 27. Rc1 Rd8 28. Be7 Re8 29. Rc6 Ra5 30. Bb4 Nac5 31. Bxa5
Nxb7 32. Bb4 Rd8 33. Kg2 a5 34. Ba3 a4 35. Rc4 Nd6 36. Rxa4
Nxe4 37. fxe4 Rd2 38. Ra8+ Kg7 39. Be7 g5 40. Ra5 h6 41. Rf5
Rc2 42. Bf6+ Kg8 43. h4 gxh4 44. Bxh4 Kg7 45. Kg3 Rc5 46. Bf6+
Kg6 47. Be5 Ng5 48. f3 Rc6 49. Bd4 f6 50. Ra5 Ne6 51. f4 Nxd4
52. exd4 Rc3+ 53. Kg4 Rd3 54. f5+ Kf7 55. d5 h5+ 56. Kxh5 Rd4
57. Ra7+ Ke8 58. Kg6 Rxe4 59. Kxf6 1-0

[Event "European Rapid Championship"]
[Site "Katowice POL"]
[Date "2017.12.17"]
[EventDate "2017.12.16"]
[Round "7.2"]
[Result "0-1"]
[White "Marcin Dziuba"]
[Black "Jan-Krzysztof Duda"]
[WhiteElo "2584"]
[BlackElo "2717"]
[PlyCount "104"]

1. Nf3 Nf6 2. c4 b6 3. d4 Bb7 4. g3 c5 5. d5 b5 6. Bg2 g6
7. O-O bxc4 8. Nc3 d6 9. Nd2 Nbd7 10. Nxc4 Bg7 11. Qc2 O-O
12. Bd2 Nb6 13. Na5 Bxd5 14. Nxd5 Nfxd5 15. a3 Rc8 16. Rac1
Qd7 17. Rfd1 Nf6 18. Qd3 d5 19. Qa6 e6 20. b3 Qe7 21. Rc2 h6
22. Rdc1 Rc7 23. h3 Rfc8 24. Kh2 Kh7 25. a4 h5 26. Bf4 e5
27. Bd2 Bh6 28. e3 e4 29. b4 c4 30. b5 Nfd7 31. Nc6 Qd6
32. Bb4 Nc5 33. Qa5 h4 34. Ba3 hxg3+ 35. fxg3 Bxe3 36. Rf1 f5
37. Qe1 Bh6 38. a5 Nbd7 39. Qd1 Qe6 40. Qd4 Nb3 41. Qd1 Ne5
42. Nd4 Nxd4 43. Qxd4 Bg7 44. Qd1 Nd3 45. Kh1 Rb7 46. g4 f4
47. h4 Rxb5 48. Bh3 Rxa5 49. Bc1 Ra1 50. Kh2 f3 51. h5 Qe5+
52. Kh1 Qg3 0-1

[Event "European Rapid Championship"]
[Site "Katowice POL"]
[Date "2017.12.17"]
[EventDate "2017.12.16"]
[Round "8.1"]
[Result "1-0"]
[White "Jan-Krzysztof Duda"]
[Black "Igor Viktorovich Kovalenko"]
[WhiteElo "2717"]
[BlackElo "2639"]
[PlyCount "61"]

1. Nf3 c5 2. e4 d6 3. d4 cxd4 4. Nxd4 Nf6 5. Nc3 a6 6. h3 e6
7. g4 Nfd7 8. Be3 b5 9. a3 Bb7 10. g5 Be7 11. h4 Nc6 12. Bh3
Nde5 13. Qe2 Qa5 14. Nb3 Qc7 15. f4 Nc4 16. O-O-O Nxe3
17. Qxe3 b4 18. axb4 Nxb4 19. Qd4 a5 20. Qxg7 Rf8 21. Nd4 d5
22. f5 O-O-O 23. fxe6 Qf4+ 24. Kb1 dxe4 25. exf7+ Kb8 26. Ne6
Qf2 27. Qe5+ Ka7 28. Qxa5+ Ba6 29. Nxd8 Qxc2+ 30. Ka1 Nd3
31. Nb5+ 1-0

[Event "European Rapid Championship"]
[Site "Katowice POL"]
[Date "2017.12.17"]
[EventDate "2017.12.16"]
[Round "9.1"]
[Result "0-1"]
[White "Daniel Grigoryevich Fridman"]
[Black "Jan-Krzysztof Duda"]
[WhiteElo "2660"]
[BlackElo "2678"]
[PlyCount "120"]

1. Nf3 Nf6 2. c4 b6 3. g3 Bb7 4. Bg2 c5 5. O-O g6 6. b3 Bg7
7. Bb2 O-O 8. e3 a6 9. Nc3 d6 10. d4 cxd4 11. exd4 e6 12. d5
e5 13. Nd2 Nbd7 14. Qc2 Qc7 15. a4 a5 16. Nb5 Qb8 17. f4 Ba6
18. Rae1 Bxb5 19. cxb5 exf4 20. Rxf4 Ne5 21. Nc4 Nfd7 22. Ba3
Nxc4 23. Rxc4 Nc5 24. Bxc5 dxc5 25. Rce4 Qd6 26. Qc4 Rad8
27. R4e2 Bd4+ 28. Kh1 Kg7 29. Re7 Rd7 30. Rxd7 Qxd7 31. Qe2
Bf6 32. Qe3 Qd6 33. Bf3 Rc8 34. Kg2 c4 35. bxc4 Rxc4 36. Qb3
Rc3 37. Qd1 h6 38. Re8 Rc4 39. Re4 Rb4 40. Rxb4 axb4 41. Qd3
Be7 42. Qd4+ Qf6 43. Qxf6+ Kxf6 44. d6 Bxd6 45. Bd5 Ke7
46. Kf3 f5 47. Ke3 g5 48. Kd4 g4 49. Kc4 Kf6 50. Bc6 h5
51. Bd7 Kg5 52. Be6 Kf6 53. Bd7 Kg5 54. Be6 b3 55. Kxb3 Bc5
56. Kc4 Bg1 57. Kd5 Bxh2 58. Kc6 Bg1 59. Kd5 Bf2 60. Kc6 f4
0-1

[Event "European Rapid Championship"]
[Site "Katowice POL"]
[Date "2017.12.17"]
[EventDate "2017.12.16"]
[Round "10.1"]
[Result "1/2-1/2"]
[White "Jan-Krzysztof Duda"]
[Black "Radoslaw Wojtaszek"]
[WhiteElo "2717"]
[BlackElo "2736"]
[PlyCount "63"]

1. e4 c5 2. Nf3 d6 3. d4 cxd4 4. Nxd4 Nf6 5. Nc3 a6 6. h3 e6
7. g4 h6 8. Bg2 Be7 9. Be3 Nc6 10. Qe2 Nxd4 11. Bxd4 e5
12. Be3 b5 13. O-O-O b4 14. Nd5 Nxd5 15. exd5 O-O 16. Be4 a5
17. Rdg1 Bh4 18. g5 hxg5 19. Qh5 f5 20. Bxg5 Bxg5+ 21. Rxg5
Ra7 22. Rxf5 Bxf5 23. Bxf5 Rxf5 24. Qxf5 Rf7 25. Qe6 Qg5+
26. Kb1 Qf6 27. Qxf6 Rxf6 28. Rh2 Rf4 29. c3 bxc3 30. bxc3 Rc4
31. Kc2 Rc5 32. h4 1/2-1/2

[Event "European Rapid Championship"]
[Site "Katowice POL"]
[Date "2017.12.17"]
[EventDate "2017.12.16"]
[Round "11.1"]
[Result "1-0"]
[White "Maksim Vavulin"]
[Black "Jan-Krzysztof Duda"]
[WhiteElo "2575"]
[BlackElo "2717"]
[PlyCount "109"]

1. e4 e6 2. d4 d5 3. Bd3 dxe4 4. Bxe4 Nf6 5. Bf3 c5 6. Ne2 Nc6
7. Be3 Nd5 8. Bxd5 Qxd5 9. Nbc3 Qd7 10. dxc5 Be7 11. Qxd7+
Bxd7 12. O-O-O O-O-O 13. Ne4 e5 14. Nd6+ Bxd6 15. cxd6 b6
16. b3 f6 17. Kb2 Kb7 18. Rd2 Be6 19. c4 Rd7 20. Nc3 Rc8
21. c5 Nb4 22. a3 Na6 23. b4 Bc4 24. Rc1 Rdd8 25. cxb6 axb6
26. Na4 Bb5 27. Rxc8 Rxc8 28. Nxb6 Rd8 29. a4 Bf1 30. b5 Nb8
31. g3 Nd7 32. Nxd7 Rxd7 33. Kc3 Kc8 34. Kb4 Rb7 35. Rd5 Kd7
36. Rd1 Be2 37. Rd2 Bf1 38. Ka5 Rb8 39. Bb6 g5 40. Bc7 Ra8+
41. Kb4 f5 42. a5 f4 43. gxf4 gxf4 44. Rd1 Be2 45. Rg1 Ke6
46. Rg7 Kf6 47. Rxh7 e4 48. d7 e3 49. fxe3 f3 50. Rh4 Ke6
51. d8=Q Rxd8 52. Bxd8 f2 53. Rf4 f1=R 54. Rxf1 Bxf1 55. Kc5
1-0

[Event "World Blitz Championship"]
[Site "Riyadh KSA"]
[Date "2017.12.29"]
[EventDate "2017.12.29"]
[Round "1.35"]
[Result "1-0"]
[White "Jan-Krzysztof Duda"]
[Black "Mokliss El Adnani"]
[WhiteElo "2717"]
[BlackElo "2448"]
[PlyCount "56"]

1. Nf3 Nf6 2. g3 g6 3. Bg2 Bg7 4. c4 O-O 5. O-O d5 6. cxd5
Nxd5 7. d4 Nb6 8. Nc3 Nc6 9. e3 Re8 10. a3 e5 11. d5 Na5
12. Qc2 c6 13. b4 Nac4 14. dxc6 bxc6 15. Rd1 Qe7 16. Ne4 Bf5
17. Nfd2 Red8 18. Nxc4 Rxd1+ 19. Qxd1 Nxc4 20. Qe2 Nd6 21. Nc5
e4 22. Bb2 Bxb2 23. Qxb2 a5 24. bxa5 Rxa5 25. Rc1 h5 26. a4
Kh7 27. Qb6 Ra8 28. a5 Qa7 1-0

[Event "World Blitz Championship"]
[Site "Riyadh KSA"]
[Date "2017.12.29"]
[EventDate "2017.12.29"]
[Round "2.12"]
[Result "0-1"]
[White "Boris Savchenko"]
[Black "Jan-Krzysztof Duda"]
[WhiteElo "2566"]
[BlackElo "2717"]
[PlyCount "86"]

1. e4 d6 2. d4 Nf6 3. Nc3 g6 4. h3 Bg7 5. Be3 O-O 6. Qd2 a6
7. a4 e5 8. d5 a5 9. Rd1 Na6 10. Nf3 b6 11. Bb5 Nc5 12. Bxc5
bxc5 13. g4 Kh8 14. Ke2 Ng8 15. Rdg1 f6 16. h4 Nh6 17. h5 g5
18. Nh2 Rb8 19. f3 Rf7 20. Nf1 Bf8 21. Ne3 Bb7 22. Nc4 Ra8
23. Nd1 Ba6 24. Nxa5 Bxb5+ 25. axb5 Qb8 26. c4 Qa7 27. Nc6 Qa2
28. Ne3 Bg7 29. Qc2 Rff8 30. b3 Qxc2+ 31. Nxc2 Ra2 32. Kd3
Rfa8 33. Kc3 f5 34. gxf5 Nxf5 35. h6 Nxh6 36. Rxg5 Nf7 37. Rg2
Bh6 38. Rgh2 Kg7 39. Ne7 Kf6 40. Nf5 Bf4 41. Rxh7 Rg8 42. b4
Rg2 43. Ne1 Ra3# 0-1

[Event "World Blitz Championship"]
[Site "Riyadh KSA"]
[Date "2017.12.29"]
[EventDate "2017.12.29"]
[Round "3.4"]
[Result "0-1"]
[White "Jan-Krzysztof Duda"]
[Black "Sanan Sjugirov"]
[WhiteElo "2717"]
[BlackElo "2650"]
[PlyCount "74"]

1. Nf3 d5 2. g3 Bg4 3. Bg2 Nd7 4. d3 Ngf6 5. Nbd2 e5 6. h3 Bh5
7. g4 Bg6 8. Nh4 c6 9. e3 Bd6 10. Qe2 Qe7 11. a3 Nc5 12. Nf1
Nfd7 13. Nxg6 hxg6 14. b4 Ne6 15. c4 dxc4 16. dxc4 a5 17. c5
Bc7 18. Rb1 axb4 19. axb4 O-O 20. Ng3 f5 21. h4 e4 22. Bb2 Ne5
23. Bxe5 Bxe5 24. Qc4 Ra3 25. Ne2 fxg4 26. Bxe4 Qf7 27. O-O
Kh8 28. Bc2 Nd4 29. Qxf7 Nxe2+ 30. Kg2 Rxf7 31. Bxg6 Rf6
32. h5 Nc3 33. Ra1 Rxa1 34. Rxa1 Rf8 35. Ra7 Nd1 36. Rxb7
Rxf2+ 37. Kh1 Rf1+ 0-1

[Event "World Blitz Championship"]
[Site "Riyadh KSA"]
[Date "2017.12.29"]
[EventDate "2017.12.29"]
[Round "4.21"]
[Result "1/2-1/2"]
[White "Ernesto Inarkiev"]
[Black "Jan-Krzysztof Duda"]
[WhiteElo "2689"]
[BlackElo "2717"]
[PlyCount "92"]

1. e4 d6 2. d4 Nf6 3. Nc3 g6 4. f4 Bg7 5. Nf3 c5 6. dxc5 Qa5
7. Bd3 Qxc5 8. Qe2 O-O 9. Be3 Qa5 10. O-O Bg4 11. h3 Bxf3
12. Qxf3 Nc6 13. a3 Rac8 14. Kh1 Nd7 15. Bd2 Qd8 16. Rad1 Nc5
17. Qf2 Qb6 18. Rb1 Nxd3 19. cxd3 Qxf2 20. Rxf2 f5 21. g3 h5
22. Kg2 Kf7 23. Nd1 Nd4 24. Bc3 Ne6 25. Bxg7 Kxg7 26. Nc3 h4
27. exf5 hxg3 28. Kxg3 gxf5 29. Re1 Kf7 30. Rfe2 Rg8+ 31. Kh2
Rg6 32. Nd5 Rc5 33. Nc3 Rh6 34. d4 Rc7 35. Nd5 Rd7 36. Rd2 Rd8
37. Re3 Rd7 38. Rde2 b6 39. Kg3 Rg6+ 40. Kh2 Rh6 41. Kg3 b5
42. b4 a6 43. Kh2 Rb7 44. Re1 Ra7 45. R1e2 Rd7 46. Re1 Rb7
1/2-1/2

[Event "World Blitz Championship"]
[Site "Riyadh KSA"]
[Date "2017.12.29"]
[EventDate "2017.12.29"]
[Round "5.16"]
[Result "1-0"]
[White "Jan-Krzysztof Duda"]
[Black "Levon Aronian"]
[WhiteElo "2717"]
[BlackElo "2805"]
[PlyCount "90"]

1. Nf3 d5 2. g3 Nf6 3. Bg2 e6 4. O-O Be7 5. c4 O-O 6. b3 b6
7. Bb2 Bb7 8. cxd5 Nxd5 9. Nc3 c5 10. Rc1 Bf6 11. d4 Nxc3
12. Bxc3 Nd7 13. b4 cxd4 14. Bxd4 a5 15. b5 Be7 16. Qd3 Nc5
17. Bxc5 Qxd3 18. exd3 Bxc5 19. d4 Bd6 20. Ne5 Bxg2 21. Kxg2
Bxe5 22. dxe5 Rfc8 23. Kf3 Kf8 24. Ke4 Ke7 25. a4 f5+
26. exf6+ gxf6 27. g4 Rxc1 28. Rxc1 Rd8 29. Rc7+ Rd7 30. Rxd7+
Kxd7 31. f4 Kd6 32. g5 Ke7 33. h4 Kf7 34. f5 Ke7 35. Kf4 Kf7
36. gxf6 Kxf6 37. fxe6 Kxe6 38. Kg5 Kf7 39. Kf5 Ke7 40. Ke5
Kd7 41. Kd5 h5 42. Ke5 Ke7 43. Kf5 Kd6 44. Kg5 Kc5 45. Kxh5
Kd5 1-0

[Event "World Blitz Championship"]
[Site "Riyadh KSA"]
[Date "2017.12.29"]
[EventDate "2017.12.29"]
[Round "6.9"]
[Result "1-0"]
[White "Pentala Harikrishna"]
[Black "Jan-Krzysztof Duda"]
[WhiteElo "2744"]
[BlackElo "2717"]
[PlyCount "69"]

1. Nf3 Nf6 2. d4 g6 3. Bg5 Bg7 4. Nbd2 d6 5. c3 O-O 6. e4 c5
7. dxc5 dxc5 8. Bc4 Nc6 9. Qe2 Qc7 10. O-O h6 11. Bxf6 Bxf6
12. Qe3 Bg7 13. Qxc5 b6 14. Qe3 Bb7 15. Rfd1 e6 16. Be2 Rfd8
17. Nf1 a6 18. h4 b5 19. N1h2 Rxd1+ 20. Rxd1 Rd8 21. Rxd8+
Qxd8 22. Ng4 h5 23. Ngh2 Qc7 24. g4 hxg4 25. Nxg4 b4 26. Qg5
bxc3 27. bxc3 Qe7 28. Qf4 Bxc3 29. e5 Nb4 30. Qh6 Nd5 31. Ng5
Qc7 32. Bf3 Bxe5 33. Nxe5 Qc1+ 34. Kg2 Nf4+ 35. Kh2 1-0